Municipalities of Kagawa - Click Map - Statistics

General Stats
  • This quiz has been taken 6 times
  • The average score is 13 of 17
Answers on the Map
Answers color-coded by a green-red scale on the quiz's map according to % correct below.
 
Answer Stats
Answer % Correct
Manno まんのう町 まんのうちょう
100%
Higashikagawa 東かがわ市 ひがしかがわし
80%
Kan'onji 観音寺市 かんおんじし
80%
Kotohira 琴平町 ことひらちょう
80%
Marugame 丸亀市 まるがめし
80%
Miki 三木町 みきちょう
80%
Mitoyo 三豊市 みとよし
80%
Naoshima 直島町 なおしまちょう
80%
Sakaide 坂出市 さかいでし
80%
Shodoshima 小豆島町 しょうどしまちょう
80%
Takamatsu 高松市 たかまつし
80%
Utazu 宇多津町 うたづちょう
80%
Zentsuji 善通寺市 ぜんつうじし
80%
Ayagawa 綾川町 あやがわちょう
60%
Sanuki さぬき市 さぬきし
60%
Tadotsu 多度津町 たどつちょう
60%
Tonosho 土庄町 とのしょうちょう
60%
No matching quizzes found
Score Distribution
Percent of People with Each Score
Percentile by Number Answered
Your Score History
You have not taken this quiz